Największe Państwo z Danej Kategorii - Statystyki

Ogólne statystyki
  • Ten quiz został rozwiązany 1 813 razy
  • Średni wynik to 12 z 20
Statystyki odpowiedzi
Największe państwo... Odpowiedź % Poprawnych
na świecie Rosja
100%
w Ameryce Południowej Brazylia
99%
w Ameryce Północnej Kanada
98%
w całości leżące w Azji Chiny
88%
w całości leżące w Europie Ukraina
75%
w Afryce Algieria
73%
na Bliskim Wschodnie Arabia Saudyjska
70%
hiszpańskojęzyczne Argentyna
68%
całkowicie leżące na Morzu Karaibskim Kuba
66%
w Afryce - przed 2011 Sudan
65%
bez granic lądowych Australia
64%
bez dostępu do morza/oceanu w Europie Białoruś
53%
bez dostępu do morza/oceanu Kazachstan
53%
w Ameryce Środkowej Nikaragua
47%
bez dostępu do morza/oceanu w Afryce Czad
42%
leżące nad Morzem Egejskim Turcja
41%
graniczące z Morzem Arabskim Indie
32%
którego nazwa ma 4 litery Iran
28%
w całości na północ od równoleżnika 50 ° N Szwecja
26%
z populacją poniżej 10 milionów Libia
9%
Nie znaleziono quizów pasujących do podanych kryteriów
Rozkład punktacji
Procent ludzi z każdym wynikiem
Percentyl według liczby udzielonych odpowiedzi
Twoja historia wyników
Nie rozwiązałeś tego quizu